| 000 | 00000nas 2200000za 4500 |
| 001 | 9.507188 |
| 003 | CaOODSP |
| 005 | 20221107133739 |
| 007 | cr ||||||||||| |
| 008 | 150406d20072013oncar p o||||f| |0eng|d |
| 040 | |aCaOODSP|beng |
| 043 | |an-cn--- |
| 086 | 1 |aNS1-23E-PDF |
| 110 | 2 |aNatural Sciences and Engineering Research Council of Canada. |
| 245 | 10|aIndirect Costs Program, progress report for ... |h[electronic resource]. |
| 260 | |aOttawa : |bNatural Sciences and Engineering Research Council |
| 310 | |aAnnual |
| 362 | 1 |aBegan with 2007-2008; ceased with 2012-2013. |
| 500 | |aIssued also in French under title: Programme des coûts indirects, rapport d'étape pour la période allant ... |
| 690 | 07|aScientific research|2gcpds |
| 775 | 08|tProgramme des coûts indirects, rapport d'étape pour la période allant ... |w(CaOODSP)9.503577 |
| 780 | 00|tIndirect Costs Program, briefing report to the Minister |w(CaOODSP)9.505405 |